Top Girls Names Ending in N (2014) Quiz Stats

Quiz not verified by Sporcle

Challenge
Share
Tweet
Embed
Score 0/140 Timer 10:00
0 Plays Today
Rank Name % Correct
9Madison
90.7%
340Maddison
90.7%
459Madisyn
90.7%
713Madyson
90.7%
158Kaitlyn
88.9%
172Katelyn
88.9%
463Caitlyn
88.9%
496Caitlin
88.9%
567Katelynn
88.9%
928Kaitlynn
88.9%
24Addison
88%
379Addyson
88%
534Addisyn
88%
16Evelyn
87.4%
434Evelynn
87.4%
834Evalyn
87.4%
303Madilyn
85.5%
59Madelyn
85.5%
439Madelynn
85.5%
481Madilynn
85.5%
518Madalyn
85.5%
649Madalynn
85.5%
25Lillian
85.4%
506Lilian
85.4%
656Ellen
85%
945Ann
84.6%
94Lauren
84.4%
515Lauryn
84.4%
742Carolyn
82.8%
38Allison
82.3%
289Alison
82.3%
329Allyson
82.3%
595Alyson
82.3%
938Alisson
82.3%
293Kathryn
81.2%
325Erin
80.8%
308Megan
80.6%
26Brooklyn
80%
101Morgan
80%
159Brooklynn
80%
492Karen
80%
127Jordyn
79.2%
247Jordan
79.2%
843Jordynn
79.2%
98Vivian
78.8%
56Peyton
78.3%
134Payton
78.3%
Rank Name % Correct
404Helen
78.3%
745Paityn
78.3%
539Jayden
77.5%
306Ashlyn
77.3%
323Ashlynn
77.3%
126Quinn
75.5%
199Hayden
74.8%
405Marilyn
74.7%
114Jocelyn
74.3%
871Joslyn
74.3%
619Joselyn
74.3%
971Jocelynn
74.3%
511Kailyn
74.1%
547Kaylin
74.1%
574Kaelyn
74.1%
642Kaylynn
74.1%
999Kaelynn
74.1%
396Jazmin
73.5%
690Jasmin
73.5%
261Brynn
72.6%
965Bryn
72.6%
879Sharon
71.7%
380Kamryn
71.5%
398Camryn
71.5%
578Cameron
71.5%
128Adalynn
71.2%
197Adelyn
71.2%
304Adelynn
71.2%
543Addilyn
71.2%
921Addilynn
71.2%
814Kristen
70.5%
93London
69.5%
154Londyn
69.5%
851Susan
69.4%
151Eden
67.7%
106Reagan
65.9%
674Kathleen
65.9%
510Ryan
64.4%
957Gwen
64%
395Jillian
63.7%
600Jaelynn
63.7%
641Jaelyn
63.7%
675Jaylynn
63.7%
917Jaylin
63.7%
562Aileen
63.2%
711Eileen
63.2%
826Ayleen
63.2%
Rank Name % Correct
253Teagan
63%
850Tegan
63%
383Carmen
62.5%
196Emerson
62.2%
427Emersyn
62.2%
391Logan
61.9%
394Dylan
61%
267Raelynn
60.9%
410Raelyn
60.9%
420Gwendolyn
60.6%
71Autumn
60.1%
402Gracelyn
59.9%
452Gracelynn
59.9%
853Taryn
59.4%
712Kayden
58.8%
338Heaven
58.2%
451Braelyn
55%
565Braelynn
55%
819Roselyn
55%
985Rosalyn
55%
412Rowan
54.1%
465Emmalyn
52.9%
770Emmalynn
52.9%
333Haven
52.3%
507Raven
52.1%
812Rylan
49%
474Jazlyn
47%
748Jazlynn
47%
540Leighton
44.4%
897Ellison
42.8%
911Zion
42.6%
704Wren
42.2%
904Yasmin
41.5%
820Sloan
39.6%
397Aspen
39.5%
670Milan
38.5%
948Avalynn
38.5%
733Elin
36.4%
416Jayleen
35.2%
652Karsyn
33.4%
889Sherlyn
33%
699Lennon
32.9%
978Ryann
32%
905Anniston
31.4%
774Sutton
29.9%
685Remington
28%

You're not logged in!

Compare scores with friends on all Sporcle quizzes.
Join for Free
OR
Log In

You Might Also Like...

Show Comments

Extras

Top Quizzes Today


Score Distribution

Your Account Isn't Verified!

In order to create a playlist on Sporcle, you need to verify the email address you used during registration. Go to your Sporcle Settings to finish the process.

Report this User

Report this user for behavior that violates our Community Guidelines.

Details: